| 000 | 00756cam a2200241 4500 | ||
|---|---|---|---|
| 008 | 000000n1999 000 0 eng u | ||
| 020 | _a2884320229 | ||
| 035 | _a(Sirsi) u120965 | ||
| 050 |
_a624.08 _c18 |
||
| 110 |
_aFederation Internationale des Ingenieurs-Conseils _9764 |
||
| 245 | _aConditions of contract for construction for building and engineering works designed by the employer. | ||
| 260 |
_aLausanne _bFIDIC _c1999 |
||
| 300 |
_a(118)p. _c30cm. |
||
| 350 | _a25 | ||
| 520 | _aSuperseded by 2 ed ISBN 9782884320849 | ||
| 590 | _aNTK | ||
| 650 | _aENGINEERING CONTRACTS | ||
| 650 | _aINTERNATIONAL CONTRACTS | ||
| 650 | _aRICS APPRAISAL AND VALUATION MANUAL | ||
| 651 | 4 | _aInternational | |
| 690 |
_aContracts _96232 |
||
| 942 | _n0 | ||
| 999 |
_c102577 _d102577 |
||